| 000 | 01013nam a22003137a 4500 | ||
|---|---|---|---|
| 003 | CHAP | ||
| 005 | 20220329135840.0 | ||
| 008 | 971013s1984 r 00010 d | ||
| 010 | _a43235 | ||
| 011 | _a44207 | ||
| 035 | _a48345 | ||
| 040 | _cCHAP | ||
| 082 |
_a632.58 _bR3 |
||
| 100 | 0 | 0 |
_aRadosevich, Steven R. _993712 |
| 245 | _aWeed ecology ; implications for vegetation management | ||
| 260 |
_aNew York : _bWiley, _c1984 |
||
| 300 |
_a265 p. _b: ilus. ; gráfs. |
||
| 590 |
_aBATCH-UPD _b10 _c20130110 _lUCH01 _h1309 |
||
| 590 |
_aBATCH-UPD _b10 _c20130410 _lUCH01 _h0823 |
||
| 590 |
_aBATCH-UPD _b10 _c20130914 _lUCH01 _h1741 |
||
| 590 |
_aCONVERSION _b10 _c20130109 _lUCH01 _h1324 |
||
| 650 | 1 | 4 |
_aMalas hierbas _xControl. _970011 |
| 650 | 1 | 4 |
_aMalas hierbas _xEcología. _970017 |
| 700 | 0 |
_aHolt, Jodie S. _956016 |
|
| 901 | _aBK | ||
| 942 | _cLIBRO | ||
| 949 |
_a632.58 R3 _bBC _cLIBRO _d33724000179016 _eLIBRO _fc.2 _h62900 _i48345 _si |
||
| 949 |
_a632.58 R3 _bBC _cLIBRO _d33724000179024 _eLIBRO _h62899 _i48345 _si |
||
| 999 |
_c43235 _d43235 |
||